| 000 | 00985nam a2200241 i 4500 | ||
|---|---|---|---|
| 001 | 33178 | ||
| 003 | ES-MaACL | ||
| 005 | 20230906154718.0 | ||
| 007 | t| | ||
| 008 | 030201s1982 cl ||||1| spa d | ||
| 110 | 2 |
_aBiblioteca Nacional ( _cSantiago de Chile) _92199 |
|
| 245 | 1 | 0 |
_aBiblioteca Nacional / _c[texto, Sergio Martínez Baeza ; prólogo, Enrique Campos Menéndez]. |
| 250 | _a1ª ed. | ||
| 260 |
_aSantiago de Chile : _bDirección de Bibliotecas, Archivos y Museos, Ministerio de Educación Pública, _c1982. |
||
| 300 |
_a141 p. : _bprincipalmente il. ; _c25 cm. |
||
| 490 | 1 |
_aColección Chile y su cultura. Serie museos nacionales ; _v1 |
|
| 700 | 1 |
_aMartínez Baeza, Sergio. _977878 |
|
| 700 | 1 |
_aCampos Menéndez, Enrique. _934278 |
|
| 710 | 1 |
_aChile. _bDirección de Bibliotecas, Archivos y Museos. _92800 |
|
| 830 | 0 |
_aColección Chile y su cultura. Serie museos nacionales ; _v1 _9181467 |
|
| 852 |
_aES-MaACL _jG-7625 _bR.114147 |
||
| 999 |
_c33178 _d33178 |
||